Survivor: The Australian Outback Cast (Picture) Quiz Stats

 Plays Quiz not verified by Sporcle

Score 0/16 Timer 04:00
0 Plays Today
% Correct
Jerri
95.5%
Tina
95.1%
Colby
95.1%
Elisabeth
93.2%
Alicia
92.5%
Amber
90.9%
Kimmi
88.7%
Keith
85.7%
% Correct
Michael
85.3%
Rodger
84.2%
Kel
82.6%
Debb
81.1%
Mitchell
80.8%
Jeff
80.4%
Nick
79.6%
Maralyn
79.2%

You're not logged in!

Compare scores with friends on all Sporcle quizzes.
OR
Log In

Show Comments

Extras

Top Quizzes Today


Score Distribution

Your Account Isn't Verified!

In order to create a playlist on Sporcle, you need to verify the email address you used during registration. Go to your Sporcle Settings to finish the process.

Report this User

Report this user for behavior that violates our Community Guidelines.

Details: